00394nam a2200133Ia 45000010005000000080041000050200022000460820023000681000020000912450086001112600021001979010027002189990015002452823241024s9999 xx 000 0 und d a978-9945-074-80-2 aRD/920.07293/C343b aRoberto Cassá 0aBiografías sumarias de los diputados de Santo Domingo en las cortes españolas bEd. Búhoc2013 a4/4/2013 12:04:11 p.m. c7682d7682